US Presidents per 3rd Letter Quiz Stats

 Plays Quiz Updated Jan 20, 2017

Challenge
Share
Tweet
Embed
Score 0/17 Timer 02:00
5 Plays Today
3rd Letter President % Correct
AAdams, Grant, Obama, Reagan
98.9%
SBush, Eisenhower, Washington
90%
NKennedy, Lincoln, Monroe, Van Buren
89.9%
RCarter, Ford, Garfield, Harding, Harrison
84.9%
OCoolidge, Hoover, Roosevelt
82.7%
FJefferson, Taft
82.6%
LFillmore, Polk, Tyler, Wilson
77.4%
CBuchanan, Jackson
75.5%
XNixon
71.2%
3rd Letter President % Correct
IClinton
64.8%
DMadison
61.3%
YHayes, Taylor
58.2%
ECleveland, Pierce
57%
HJohnson
54.4%
UTruman, Trump
51.3%
KMcKinley
42.2%
TArthur
28.6%

You're not logged in!

Compare scores with friends on all Sporcle quizzes.
OR
Log In

You Might Also Like...

Show Comments

Extras

Top Quizzes Today


Score Distribution

Your Account Isn't Verified!

In order to create a playlist on Sporcle, you need to verify the email address you used during registration. Go to your Sporcle Settings to finish the process.

Report this User

Report this user for behavior that violates our Community Guidelines.

Details: